[Event "Youth Classic 2018 - Youth Open U14"]
[Site "Bad Soden-Neuenhain, Bürgerhau"]
[Date "2018.09.30"]
[Round "2.11"]
[White "Welker, Alexandra"]
[Black "Leithoff, Hans-Georg"]
[Result "1/2-1/2"]
[WhiteElo "1308"]
[BlackElo "1413"]
[PlyCount "115"]
[EventDate "2018.??.??"]
[WhiteTeam "TuS Makkabi"]
[BlackTeam "SV Eisenach"]

1. e4 c6 2. d4 g6 3. Nf3 d5 4. Nc3 Bg7 5. Bf4 Bg4 6. Be2 Bxf3 7. Bxf3 dxe4 8.
Bxe4 Qxd4 9. Qf3 Qb6 10. Rb1 Nf6 11. Bg5 Nxe4 12. Qxe4 Bxc3+ 13. bxc3 Qc7 14.
Rd1 O-O 15. Qxe7 Qxe7+ 16. Bxe7 Re8 17. Rd8 Rxd8 18. Bxd8 Nd7 19. Bg5 Re8+ 20.
Kd2 Nc5 21. Be3 Ne4+ 22. Kd3 a6 23. f3 Nxc3 24. Kxc3 Rxe3+ 25. Kd2 Ra3 26. Ra1
Kg7 27. Kc1 Kf6 28. Kb2 Re3 29. Rg1 Ke5 30. a4 Kd4 31. Rd1+ Kc5 32. c3 Re2+ 33.
Kb3 Rxg2 34. Rd7 Kb6 35. Rxf7 Rxh2 36. Kc4 Rh4+ 37. f4 g5 38. Kb3 Rxf4 39. Rxh7
Rf6 40. Rg7 Rf5 41. Rg6 Ka5 42. Ka3 Rc5 43. Kb3 b5 44. axb5 cxb5 45. Rg7 Rd5
46. Rg6 Re5 47. Rg7 Kb6 48. Rg6+ Ka5 49. Rg7 b4 50. cxb4+ Kb5 51. Rb7+ Kc6 52.
Rg7 Kb6 53. Kc4 Rf5 54. Rg6+ Kb7 55. Rg7+ Kc8 56. Rg6 Rf4+ 57. Kc5 Rf5+ 58. Kb6
1/2-1/2

[Event "Youth Classic 2018 - Youth Open U14"]
[Site "Bad Soden-Neuenhain, Bürgerhau"]
[Date "2018.09.30"]
[Round "2.12"]
[White "Plaumann, Arvin"]
[Black "Hery, Bastian"]
[Result "1-0"]
[WhiteElo "1269"]
[BlackElo "1096"]
[PlyCount "43"]
[EventDate "2018.??.??"]
[WhiteTeam "SF Heidesheim"]
[BlackTeam "Vorw.Orient Mainz"]

1. e4 e5 2. Nf3 Nc6 3. Bc4 Nf6 4. d3 Be7 5. c3 d6 6. Nbd2 Bg4 7. h3 Bh5 8. g4
Bg6 9. Nh4 O-O 10. Nxg6 hxg6 11. Nf3 d5 12. Bb3 dxe4 13. dxe4 Qxd1+ 14. Bxd1
Nxe4 15. O-O Bc5 16. Bc2 Nxf2 17. Rxf2 Bxf2+ 18. Kxf2 f5 19. Bb3+ Kh8 20. Bg5
fxg4 21. hxg4 e4 22. Rh1# 1-0

[Event "Youth Classic 2018 - Youth Open U14"]
[Site "Bad Soden-Neuenhain, Bürgerhau"]
[Date "2018.09.30"]
[Round "2.14"]
[White "Gärtner, Johannes"]
[Black "Akhmatovski, Maxim"]
[Result "1-0"]
[WhiteElo "1071"]
[BlackElo "1056"]
[PlyCount "127"]
[EventDate "2018.??.??"]
[WhiteTeam "SF Heidesheim"]
[BlackTeam "SV Oberursel"]

1. d4 d5 2. Bf4 Nf6 3. e3 e6 4. Nd2 Bd6 5. Bxd6 Qxd6 6. Ngf3 O-O 7. c4 Nbd7 8.
Bd3 b6 9. O-O Bb7 10. Qe2 Ne4 11. Rfc1 Rac8 12. b3 Nxd2 13. Qxd2 e5 14. cxd5
Bxd5 15. dxe5 Nxe5 16. Nxe5 Qxe5 17. Qc3 Qg5 18. g3 Bb7 19. Qc4 Qh5 20. Be4
Bxe4 21. Qxe4 Rfe8 22. Qb7 Qa5 23. Rxc7 Rxc7 24. Qxc7 Qe5 25. Qxe5 Rxe5 26. Rc1
f5 27. Rc8+ Kf7 28. Rc7+ Re7 29. Rxe7+ Kxe7 30. Kg2 g5 31. f4 h6 32. Kf3 g4+
33. Ke2 Kd6 34. Kd2 Kc5 35. Kc3 a6 36. a4 a5 37. Kd3 Kd5 38. Ke2 Ke4 39. Kd2
Kd5 40. Kd3 Kc5 41. e4 b5 42. exf5 bxa4 43. bxa4 Kd6 44. Kd4 Ke7 45. Ke5 Kf7
46. f6 Kf8 47. Ke6 Ke8 48. f7+ Kf8 49. Kf6 h5 50. Kg5 Kxf7 51. Kxh5 Kf6 52.
Kxg4 Kg6 53. h4 Kh6 54. Kf5 Kg7 55. Kg5 Kf7 56. Kh6 Kg8 57. Kg6 Kh8 58. Kf7 Kh7
59. g4 Kh8 60. g5 Kh7 61. g6+ Kh8 62. g7+ Kh7 63. g8=Q+ Kh6 64. Qg6# 1-0

[Event "Youth Classic 2018 - Youth Open U14"]
[Site "Bad Soden-Neuenhain, Bürgerhau"]
[Date "2018.09.30"]
[Round "2.15"]
[White "Seemann, Max"]
[Black "Gold, Jan Christian"]
[Result "1-0"]
[WhiteElo "1060"]
[BlackElo "831"]
[PlyCount "61"]
[EventDate "2018.??.??"]
[WhiteTeam "SG Idstein"]
[BlackTeam "SK Bad Homburg"]

1. e4 e5 2. Nf3 Nc6 3. Bb5 Nge7 4. d3 g6 5. Bg5 Bg7 6. Bxc6 bxc6 7. Nbd2 Rb8 8.
Rb1 d6 9. c3 Be6 10. O-O Bxa2 11. Ra1 Rxb2 12. Qc1 Qb8 13. c4 Qb4 14. Re1 d5
15. cxd5 cxd5 16. Bxe7 Kxe7 17. exd5 Bh6 18. Qxc7+ Kf8 19. Nxe5 Bxd5 20. Qd8+
Kg7 21. Qxd5 Rf8 22. Ne4 Bd2 23. Nxd2 Rxd2 24. d4 Qc3 25. g3 f6 26. Ng4 Rxd4
27. Rxa7+ Kh8 28. Qe6 Rxg4 29. Qe7 Rg8 30. Rea1 Qb3 31. Qxf6+ 1-0

[Event "Youth Classic 2018 - Youth Open U14"]
[Site "Bad Soden-Neuenhain, Bürgerhau"]
[Date "2018.09.30"]
[Round "2.16"]
[White "Stapel, Max"]
[Black "Wagner, Maribel"]
[Result "1-0"]
[WhiteElo "1035"]
[BlackElo "754"]
[PlyCount "81"]
[EventDate "2018.??.??"]
[WhiteTeam "SC Flörsheim"]
[BlackTeam "SC Bad Soden"]

1. e4 e5 2. Nf3 Nc6 3. Bc4 Bb4 4. O-O Nf6 5. d3 d6 6. h3 O-O 7. Nc3 h6 8. Nd5
Nh7 9. a3 Bc5 10. Be3 a6 11. Bxc5 dxc5 12. a4 Be6 13. c3 Qd7 14. d4 b6 15. dxe5
Qd8 16. Bb3 Bc8 17. c4 Ng5 18. Nxg5 Qxg5 19. Qf3 Nd4 20. Qd3 Ne2+ 21. Kh1 Qh5
22. Ne7+ Kh8 23. Nxc8 Raxc8 24. Bd1 Rce8 25. Bxe2 Qg5 26. a5 Re6 27. axb6 Rg6
28. Rg1 Qh4 29. Qe3 f6 30. Qxc5 Rg8 31. bxc7 Rc8 32. Rxa6 Rxc7 33. Ra8+ Kh7 34.
Qxc7 Qxf2 35. Qd8 Rg5 36. Qg8+ Kg6 37. Qe8+ Kh7 38. Qf7 h5 39. Bxh5 Qg3 40. Qe8
Rxh5 41. Qxh5# 1-0

[Event "Youth Classic 2018 - Youth Open U14"]
[Site "Bad Soden-Neuenhain, Bürgerhau"]
[Date "2018.09.30"]
[Round "2.17"]
[White "Nonn, Julian"]
[Black "Coskun, Eray"]
[Result "0-1"]
[WhiteElo "802"]
[BlackElo "1015"]
[Annotator "Schloessner,Henrik"]
[PlyCount "78"]
[EventDate "2018.??.??"]
[WhiteTeam "SVG Eppstein"]
[BlackTeam "SC Flörsheim"]

1. e4 e5 2. Nf3 Nc6 3. Nc3 Bc5 4. Bc4 d6 5. d3 h6 6. Be3 Bxe3 7. fxe3 Bg4 8. a3
Nf6 9. Nd5 O-O 10. b4 Nxd5 11. exd5 Nb8 12. O-O Qf6 13. h3 Bh5 14. g4 Bg6 15.
h4 Nd7 16. Bb5 Nb6 17. h5 Bh7 18. d4 exd4 19. Nxd4 Nxd5 20. Rxf6 Nxf6 21. Bd3
Bxd3 22. cxd3 Rfe8 23. Rc1 Rxe3 24. Rxc7 Rg3+ 25. Kh1 Nxg4 26. Nf5 Nf2+ 27. Kh2
Nxd1 28. Nxg3 b6 29. Nf5 Nf2 30. Ne7+ Kh7 31. Rc6 Re8 32. Nf5 Ng4+ 33. Kh3 Nf2+
34. Kg3 Nxd3 35. Rxd6 Ne1 36. Rxh6+ gxh6 37. a4 Re4 38. Nd6 Rxb4 39. Nxf7 Rxa4
{Hier wurde von Weiß das unmögliche Nd5 gespielt. 0-1 (49)} 0-1

[Event "Youth Classic 2018 - Youth Open U14"]
[Site "Bad Soden-Neuenhain, Bürgerhau"]
[Date "2018.09.30"]
[Round "2.19"]
[White "Nastassine, Tatiana"]
[Black "Wisniewski, Niklas Lorenz"]
[Result "0-1"]
[WhiteElo "737"]
[BlackElo "977"]
[PlyCount "88"]
[EventDate "2018.??.??"]
[WhiteTeam "Frankfurter TV"]
[BlackTeam "SC Bad Soden"]

1. c4 e5 2. d3 Nf6 3. Nf3 Nc6 4. g3 Bb4+ 5. Nc3 d5 6. Qb3 d4 7. a3 Ba5 8. Bd2
dxc3 9. bxc3 Be6 10. Bg2 e4 11. O-O exf3 12. exf3 Qxd3 13. Rad1 Qg6 14. Be3 b6
15. f4 Bd7 16. Qb5 Ng4 17. Rde1 Bxc3 18. Re2 Qh6 19. h3 Nxe3 20. Rxe3+ Be5 21.
fxe5 O-O 22. e6 Bxe6 23. h4 Nd4 24. Qb1 Rad8 25. Qd3 Nf3+ 26. Rxf3 Rxd3 27.
Rxd3 Bxc4 28. Rd8 Rxd8 29. Re1 g6 30. Re7 Rd1+ 31. Kh2 g5 32. Re4 Bd5 33. Rg4
Bxg2 34. Kxg2 Qc6+ 35. f3 Rd2+ 36. Kh3 Qxf3 37. Rxg5+ Kh8 38. Re5 Rd1 39. Re8+
Kg7 40. Re3 Qxe3 41. Kg4 Rh1 42. Kf5 Rf1+ 43. Kg4 Qf3+ 44. Kg5 Qf5# 0-1

[Event "Youth Classic 2018 - Youth Open U14"]
[Site "Bad Soden-Neuenhain, Bürgerhau"]
[Date "2018.10.01"]
[Round "3.1"]
[White "Gallasch, Jonas"]
[Black "Abou Wally, Adrian"]
[Result "1-0"]
[WhiteElo "2045"]
[BlackElo "1313"]
[PlyCount "79"]
[EventDate "2018.??.??"]
[WhiteTeam "SG Porz"]
[BlackTeam "SV Schott Jena"]

1. Nf3 c5 2. c4 Nc6 3. g3 g6 4. Bg2 Bg7 5. O-O e5 6. Nc3 d6 7. Ne1 Nge7 8. Nc2
O-O 9. Ne3 Be6 10. d3 f5 11. Ned5 h6 12. Rb1 g5 13. Bd2 Ng6 14. b4 Rb8 15. bxc5
dxc5 16. Qa4 Qa5 17. Qxa5 Nxa5 18. Na4 b6 19. Bxa5 bxa5 20. Nxc5 Rxb1 21. Rxb1
Bf7 22. Rb7 a6 23. Nxa6 e4 24. dxe4 fxe4 25. Bxe4 Re8 26. Bxg6 Bxg6 27. Ne7+
Kh7 28. Nxg6 Kxg6 29. e3 Rc8 30. c5 Bf8 31. Rb6+ Kf7 32. c6 Ke7 33. c7 Kd7 34.
Rb8 Bd6 35. Kf1 Bxc7 36. Rxc8 Kxc8 37. Nxc7 Kxc7 38. Ke2 Kd6 39. f4 Ke6 40. e4
1-0

[Event "Youth Classic 2018 - Youth Open U14"]
[Site "Bad Soden-Neuenhain, Bürgerhau"]
[Date "2018.10.01"]
[Round "3.2"]
[White "Buchholz, Maja"]
[Black "Haack, Kevin"]
[Result "0-1"]
[WhiteElo "1327"]
[BlackElo "1870"]
[PlyCount "130"]
[EventDate "2018.??.??"]
[WhiteTeam "SK Langen"]
[BlackTeam "SC Bad Soden"]

1. c4 e6 2. Nc3 d5 3. b3 Nf6 4. g3 Be7 5. Bg2 c6 6. Nf3 O-O 7. O-O Nbd7 8. Bb2
b6 9. Rc1 Bb7 10. d4 Rc8 11. Re1 Qc7 12. Qd2 Rfd8 13. Ne5 Nxe5 14. dxe5 dxc4
15. Qf4 Nd7 16. Ne4 cxb3 17. axb3 Nc5 18. Ng5 Bxg5 19. Qxg5 Nxb3 20. Rc3 Nc5
21. Ba3 Qd7 22. Bc1 h6 23. Qg4 Qd4 24. Qf3 Qxe5 25. Bf4 Qf6 26. Qe3 Qd4 27. Qf3
e5 28. Bc1 e4 29. Qg4 Qxc3 30. Kf1 Qf6 31. h4 Rd5 32. Qh3 Rf5 33. Be3 Ba6 34.
g4 Rf3 35. g5 Rxh3 36. gxf6 Rxh4 37. fxg7 Kxg7 38. Bd4+ Kg6 39. Ra1 Rd8 40. Be3
Nb3 41. Re1 Nd2+ 42. Kg1 Rg4 43. Kh2 Rd5 44. Kh3 Bc8 45. Kh2 Nc4 46. Bc1 Rh5+
47. Kg1 Ne5 48. Kf1 Ba6 49. Rd1 Nf3 50. Rd6+ Kf5 51. Rxh6 Rxh6 52. Bxh6 Bxe2+
53. Kxe2 Rxg2 54. Be3 Ne5 55. Kf1 Ng4 56. Kxg2 Nxe3+ 57. fxe3 a5 58. Kf2 a4 59.
Kg3 a3 60. Kh4 a2 61. Kh5 a1=Q 62. Kh4 Qg1 63. Kh3 Qxe3+ 64. Kh4 Qd3 65. Kh5
Qh3# 0-1

[Event "Youth Classic 2018 - Youth Open U14"]
[Site "Bad Soden-Neuenhain, Bürgerhau"]
[Date "2018.10.01"]
[Round "3.3"]
[White "Czinkota, Michael"]
[Black "Lorenz, Alexander"]
[Result "0-1"]
[WhiteElo "1267"]
[BlackElo "1748"]
[PlyCount "88"]
[EventDate "2018.??.??"]
[WhiteTeam "SC Bad Soden"]
[BlackTeam "SV Bergwinkel"]

1. e4 c5 2. Nc3 d6 3. f4 g6 4. Nf3 Bg7 5. Bc4 e6 6. O-O a6 7. a4 Nc6 8. d3 Nge7
9. Qe1 Bd7 10. Be3 Rg8 11. Qh4 h5 12. f5 exf5 13. Bg5 Bxc3 14. bxc3 fxe4 15.
Rae1 exf3 16. Rxf3 Bf5 17. Rfe3 Be6 18. Bxe6 fxe6 19. Rxe6 Rg7 20. Bf6 Rf7 21.
Qg3 Kf8 22. Qg5 Rh7 23. Rf1 Kg8 24. Rfe1 Kf8 25. d4 b6 26. d5 Ne5 27. Bxe7+
Rxe7 28. Qf6+ Ke8 29. Rxd6 Nf3+ 30. gxf3 Rxe1+ 31. Kf2 Qxf6 32. Rxf6 Rd1 33.
Rxg6 Kf7 34. Rxb6 Rxd5 35. Rb7+ Ke6 36. Ke3 Re8 37. Ke4 Re5+ 38. Kf4 Rf8+ 39.
Kg3 Re3 40. Rb6+ Ke5 41. Rxa6 Rexf3+ 42. Kg2 Rf2+ 43. Kg1 Rxc2 44. c4 Rb8 0-1

[Event "Youth Classic 2018 - Youth Open U14"]
[Site "Bad Soden-Neuenhain, Bürgerhau"]
[Date "2018.10.01"]
[Round "3.5"]
[White "Gräf, Jakob"]
[Black "Gärtner, Johannes"]
[Result "1-0"]
[WhiteElo "1520"]
[BlackElo "1071"]
[PlyCount "83"]
[EventDate "2018.??.??"]
[WhiteTeam "SV Frankfurt Nord"]
[BlackTeam "SF Heidesheim"]

1. e4 e6 2. d4 d5 3. e5 c5 4. c3 Qb6 5. Nf3 Nc6 6. Bd3 Bd7 7. Qb3 Qxb3 8. axb3
cxd4 9. cxd4 Nb4 10. Ke2 Nxd3 11. Kxd3 Bb4 12. Nc3 Ne7 13. Bd2 O-O 14. h4 f5
15. g3 a6 16. h5 h6 17. Nh4 Kh7 18. f3 Be8 19. Ng2 Rc8 20. Nf4 Ng8 21. Nxe6 Rf7
22. Nxd5 Bxd2 23. Kxd2 Bc6 24. Nb6 Re8 25. Nf4 Bxf3 26. Rhf1 Bc6 27. Nc4 Rd7
28. Nd6 Rf8 29. Ng6 Rfd8 30. Rxf5 Bd5 31. Nf8+ Rxf8 32. Rxf8 Bxb3 33. Rc1 Be6
34. Re8 Bd5 35. Rcc8 Kh8 36. e6 Bxe6 37. Rxe6 g5 38. Rxh6+ Rh7 39. Rxh7+ Kxh7
40. g4 Nf6 41. Rc7+ Kh6 42. Nf5# 1-0

[Event "Youth Classic 2018 - Youth Open U14"]
[Site "Bad Soden-Neuenhain, Bürgerhau"]
[Date "2018.10.01"]
[Round "3.6"]
[White "Riemann, Jonas"]
[Black "Schmid, Leon"]
[Result "1-0"]
[WhiteElo "1785"]
[BlackElo "1144"]
[PlyCount "93"]
[EventDate "2018.??.??"]
[WhiteTeam "SK Bickenbach"]
[BlackTeam "SF Heidesheim"]

1. e4 e6 2. d4 d5 3. Nd2 c5 4. exd5 exd5 5. dxc5 Bxc5 6. Nb3 Bd6 7. Bd3 Nf6 8.
Nf3 h6 9. O-O O-O 10. c3 Nc6 11. Be3 Bg4 12. Nbd4 Nxd4 13. Bxd4 Ne4 14. h3 Bh5
15. Be2 Re8 16. Re1 Re7 17. Nd2 Bxe2 18. Rxe2 Nxd2 19. Qxd2 Rxe2 20. Qxe2 Qd7
21. Qd2 a6 22. Rd1 Rd8 23. Bb6 Bc7 24. Qd4 Qd6 25. Bxc7 Qxc7 26. c4 Qa5 27. a3
Qa4 28. cxd5 Qxd4 29. Rxd4 Kf8 30. Kf1 Ke7 31. Ke2 Kd6 32. Kd3 Ke5 33. Re4+ Kf6
34. Kd4 b5 35. Kc5 g6 36. d6 Kf5 37. Re3 g5 38. Kc6 a5 39. Kc7 Rh8 40. d7 b4
41. d8=Q Rxd8 42. Kxd8 h5 43. Kd7 f6 44. Kd6 g4 45. h4 Kf4 46. Ke6 f5 47. g3#
1-0

[Event "Youth Classic 2018 - Youth Open U14"]
[Site "Bad Soden-Neuenhain, Bürgerhau"]
[Date "2018.10.01"]
[Round "3.7"]
[White "Leithoff, Hans-Georg"]
[Black "Zhu, Andy"]
[Result "0-1"]
[WhiteElo "1413"]
[BlackElo "1444"]
[PlyCount "37"]
[EventDate "2018.??.??"]
[WhiteTeam "SV Eisenach"]
[BlackTeam "Frankfurter TV"]

1. e4 e5 2. Nf3 Nc6 3. d4 exd4 4. Bc4 Bc5 5. c3 Nf6 6. cxd4 Bb4+ 7. Nc3 Nxe4 8.
Qe2 d5 9. O-O Bxc3 10. bxc3 O-O 11. Qd3 Bf5 12. Ng5 Nd6 13. Qf3 dxc4 14. Qh5 h6
15. Nf3 Qf6 16. g4 Bg6 17. Qh3 Ne4 18. Re1 Ne7 19. Ne5 0-1

[Event "Youth Classic 2018 - Youth Open U14"]
[Site "Bad Soden-Neuenhain, Bürgerhau"]
[Date "2018.10.01"]
[Round "3.8"]
[White "Haller, Christian"]
[Black "Mader, Fabian"]
[Result "0-1"]
[WhiteElo "1160"]
[BlackElo "1204"]
[PlyCount "58"]
[EventDate "2018.??.??"]
[WhiteTeam "SC Bad Soden"]
[BlackTeam "VfR-SC Koblenz"]

1. e4 e6 2. d4 d5 3. e5 c5 4. c3 Nc6 5. Nf3 Qb6 6. Be2 cxd4 7. cxd4 Nh6 8. Bxh6
gxh6 9. b3 Bb4+ 10. Nbd2 Nxd4 11. a3 Bc3 12. Rb1 Nxf3+ 13. Bxf3 Bxe5 14. Qe2
Qd6 15. O-O Bxh2+ 16. Kh1 Be5 17. Rfe1 Bd4 18. Kg1 Bd7 19. b4 Bb6 20. Nf1 a6
21. Ng3 Bc6 22. Qa2 Rg8 23. Nh5 Rg6 24. Qb2 Ke7 25. Ng7 Qf4 26. Nh5 Qxf3 27.
Qf6+ Rxf6 28. gxf3 Rg8+ 29. Ng3 Rxg3+ 0-1

[Event "Youth Classic 2018 - Youth Open U14"]
[Site "Bad Soden-Neuenhain, Bürgerhau"]
[Date "2018.10.01"]
[Round "3.10"]
[White "Wisniewski, Niklas Lorenz"]
[Black "Goetz, Fenja"]
[Result "0-1"]
[WhiteElo "977"]
[BlackElo "1343"]
[PlyCount "44"]
[EventDate "2018.??.??"]
[WhiteTeam "SC Bad Soden"]
[BlackTeam "SK Bad Homburg"]

1. d4 d5 2. c4 e6 3. Nc3 Nf6 4. Bd2 Nbd7 5. e3 c5 6. Nf3 Bd6 7. Qb3 Nb6 8. Nb5
O-O 9. Be2 Nxc4 10. Bxc4 dxc4 11. Qxc4 b6 12. Nxd6 Qxd6 13. dxc5 Qxc5 14. Qxc5
bxc5 15. Bc3 Nd5 16. Rc1 Ba6 17. Ne5 Rfc8 18. h4 Rab8 19. b3 c4 20. Bb2 cxb3
21. Rxc8+ Rxc8 22. Kd2 Rc2+ 0-1

[Event "Youth Classic 2018 - Youth Open U14"]
[Site "Bad Soden-Neuenhain, Bürgerhau"]
[Date "2018.10.01"]
[Round "3.11"]
[White "von Beckh, Frieda"]
[Black "Politoukhin, Nikolaj"]
[Result "1-0"]
[WhiteElo "1262"]
[BlackElo "982"]
[PlyCount "41"]
[EventDate "2018.??.??"]
[WhiteTeam "SC Eschborn"]
[BlackTeam "SC Flörsheim"]

1. e4 d5 2. exd5 Qxd5 3. Nc3 Qa5 4. d4 Nf6 5. Nf3 Bg4 6. h3 Bh5 7. Bd2 c6 8.
Bd3 e6 9. Qe2 Nbd7 10. O-O-O Be7 11. Bf4 O-O 12. g4 Bg6 13. Bxg6 hxg6 14. Kb1
b5 15. g5 Nh5 16. Bd2 f5 17. Qxe6+ Rf7 18. Qxc6 b4 19. Qxa8+ Rf8 20. Qd5+ Qxd5
21. Nxd5 1-0

[Event "Youth Classic 2018 - Youth Open U14"]
[Site "Bad Soden-Neuenhain, Bürgerhau"]
[Date "2018.10.01"]
[Round "3.12"]
[White "Haller, Andreas"]
[Black "Tobias, Karolin"]
[Result "1-0"]
[WhiteElo "1185"]
[BlackElo "910"]
[PlyCount "77"]
[EventDate "2018.??.??"]
[WhiteTeam "SC Bad Soden"]
[BlackTeam "SV Oberursel"]

1. e4 e5 2. Nf3 Nc6 3. Bc4 Bc5 4. c3 Nf6 5. d4 exd4 6. cxd4 Bb4+ 7. Bd2 Bxd2+
8. Nbxd2 d6 9. O-O O-O 10. e5 dxe5 11. dxe5 Nh5 12. Re1 Bg4 13. Qb3 Na5 14. Qb4
Nxc4 15. Qxc4 Be6 16. Qe4 f6 17. exf6 Rxf6 18. Ng5 Bf5 19. Qc4+ Kh8 20. Nf7+
Rxf7 21. Qxf7 Bg6 22. Qb3 Qxd2 23. Qxb7 Re8 24. Rxe8+ Bxe8 25. Qc8 Nf6 26. Qxc7
h5 27. Qxa7 Kh7 28. b3 Ng4 29. h3 Ne5 30. Qe7 Qe2 31. Qh4 Ng6 32. Qd4 Nh4 33.
Qxh4 g6 34. f3 Kh6 35. Re1 Qxa2 36. Qf4+ g5 37. Qf6+ Bg6 38. Qh8+ Bh7 39. Re6#
1-0

[Event "Youth Classic 2018 - Youth Open U14"]
[Site "Bad Soden-Neuenhain, Bürgerhau"]
[Date "2018.10.01"]
[Round "3.13"]
[White "Staab, Aaron"]
[Black "Ruppert, Henry"]
[Result "0-1"]
[WhiteElo "875"]
[BlackElo "1162"]
[PlyCount "58"]
[EventDate "2018.??.??"]
[WhiteTeam "SC Nidderau"]
[BlackTeam "SC Flörsheim"]

1. e4 d5 2. d3 d4 3. Nf3 c5 4. c3 Nc6 5. cxd4 cxd4 6. Be2 e5 7. O-O h6 8. Na3
Nf6 9. Nc4 Bd6 10. Qb3 a6 11. a3 Be6 12. Qxb7 O-O 13. Qxc6 Bxc4 14. dxc4 Qe7
15. b4 Rfc8 16. Qa4 Nxe4 17. c5 Bb8 18. Bxa6 Nc3 19. Qa5 Bc7 20. Bg5 hxg5 21.
Bxc8 Bxa5 22. Bb7 Qxb7 23. bxa5 Ne2+ 24. Kh1 Nf4 25. Rab1 Qc6 26. Ne1 d3 27.
Rb6 Qxc5 28. g3 Qd5+ 29. Kg1 Ne2# 0-1

[Event "Youth Classic 2018 - Youth Open U14"]
[Site "Bad Soden-Neuenhain, Bürgerhau"]
[Date "2018.10.01"]
[Round "3.14"]
[White "Wolf, Jonathan"]
[Black "Tryfon, Konstantin"]
[Result "0-1"]
[WhiteElo "842"]
[BlackElo "1159"]
[PlyCount "58"]
[EventDate "2018.??.??"]
[WhiteTeam "SV Frankfurt Nord"]
[BlackTeam "SV Hofheim"]

1. d4 d5 2. Nc3 Bf5 3. Nf3 e6 4. e3 f6 5. Bd3 Bg6 6. O-O Bd6 7. g3 Nd7 8. Re1
Ne7 9. e4 c6 10. Bf4 e5 11. Be3 O-O 12. dxe5 fxe5 13. Bg5 Nf6 14. exd5 Bh5 15.
dxc6 Nxc6 16. Be4 h6 17. Bxf6 Qxf6 18. Re3 Bc5 19. Nd5 Qd6 20. Rd3 Nd4 21. c3
Nxf3+ 22. Bxf3 Rxf3 23. Rxf3 e4 24. Qb3 exf3 25. Nc7+ Bf7 26. Rd1 Bxb3 27. Rxd6
Bxd6 28. Nxa8 Bxa2 29. Nc7 Bxc7 0-1

[Event "Youth Classic 2018 - Youth Open U14"]
[Site "Bad Soden-Neuenhain, Bürgerhau"]
[Date "2018.10.01"]
[Round "3.15"]
[White "Viebahn, Tim"]
[Black "Nastassine, Alexey"]
[Result "1-0"]
[WhiteElo "1154"]
[BlackElo "881"]
[PlyCount "97"]
[EventDate "2018.??.??"]
[WhiteTeam "SV Oberursel"]
[BlackTeam "Frankfurter TV"]

1. d4 d5 2. Bf4 Nf6 3. Nc3 Nc6 4. Nb5 e5 5. dxe5 Nd7 6. e6 Nde5 7. exf7+ Kxf7
8. Nf3 Qf6 9. Bxe5 Nxe5 10. Nxc7 Rb8 11. Nxd5 Qe6 12. Nxe5+ Qxe5 13. e3 Be6 14.
Nc3 Ba3 15. Na4 Qa5+ 16. c3 Bxb2 17. Nxb2 Qxc3+ 18. Qd2 Qe5 19. Be2 Rbd8 20.
Bd3 Rd7 21. O-O Rhd8 22. Qe2 Qg5 23. Bc4 Rd2 24. Qf3+ Ke7 25. Qxb7+ R8d7 26.
Qb4+ R7d6 27. Bxe6 Kxe6 28. Qe4+ Kd7 29. Nc4 Re6 30. Qb7+ Ke8 31. Nxd2 Kf8 32.
Qb8+ Kf7 33. Qxa7+ Kf8 34. Rab1 Re8 35. Rb8 Qf6 36. Rxe8+ Kxe8 37. Rb1 Qe7 38.
Qxe7+ Kxe7 39. a4 g5 40. a5 h5 41. a6 Kf6 42. Rb5 h4 43. a7 Kg6 44. Nf3 h3 45.
g4 Kh6 46. Rb6+ Kg7 47. a8=R Kf7 48. Ra7+ Ke8 49. Rb8# 1-0

[Event "Youth Classic 2018 - Youth Open U14"]
[Site "Bad Soden-Neuenhain, Bürgerhau"]
[Date "2018.10.01"]
[Round "3.16"]
[White "Richter, Tim"]
[Black "Edelmann, Anastasija"]
[Result "1-0"]
[WhiteElo "1115"]
[BlackElo "864"]
[PlyCount "107"]
[EventDate "2018.??.??"]
[WhiteTeam "SF Heidesheim"]
[BlackTeam "SC Frankfurt-West"]

1. d4 d5 2. Bf4 Nf6 3. Nf3 Nc6 4. h3 Bf5 5. c3 e6 6. e3 Bd6 7. Bxd6 Qxd6 8. Nh4
Be4 9. Nf3 e5 10. Bb5 exd4 11. exd4 O-O 12. O-O Ne7 13. Bd3 Nf5 14. Qe2 Rae8
15. Nbd2 Nh6 16. Bxe4 dxe4 17. Ne5 Qd5 18. Rfe1 Nf5 19. Nxe4 Nxd4 20. Nxf6+
gxf6 21. Qg4+ Kh8 22. Nxf7+ Qxf7 23. Rxe8 Rxe8 24. Qxd4 Re6 25. Rd1 Rd6 26. Qg4
Rxd1+ 27. Qxd1 Qxa2 28. Qd8+ Kg7 29. Qxc7+ Kg6 30. Qxb7 Qb1+ 31. Kh2 Qe1 32.
Qxa7 Qe2 33. Qb6 h5 34. b4 Qe5+ 35. Kg1 Qe1+ 36. Kh2 Qe5+ 37. g3 h4 38. Qe3 Qd6
39. Qe4+ Kf7 40. Qxh4 Qd2 41. Qd4 Qb2 42. Kg2 Qa3 43. h4 Qa8+ 44. Kh2 Qf3 45.
Qe3 Qf5 46. Qd4 Kg7 47. c4 Qf3 48. b5 Qb3 49. b6 Kg6 50. c5 Qa2 51. b7 Qa7 52.
Qe4+ Kh6 53. Qf4+ Kg6 54. b8=Q 1-0

[Event "Youth Classic 2018 - Youth Open U14"]
[Site "Bad Soden-Neuenhain, Bürgerhau"]
[Date "2018.10.01"]
[Round "3.17"]
[White "Li, Toplink"]
[Black "Hery, Bastian"]
[Result "0-1"]
[WhiteElo "834"]
[BlackElo "1096"]
[PlyCount "80"]
[EventDate "2018.??.??"]
[WhiteTeam "Frankfurter TV"]
[BlackTeam "Vorw.Orient Mainz"]

1. e4 e5 2. Nf3 Nc6 3. Bc4 Bc5 4. c3 Nf6 5. d4 exd4 6. cxd4 Bb4+ 7. Bd2 Bxd2+
8. Nbxd2 d5 9. exd5 Nxd5 10. O-O O-O 11. h3 Nb6 12. Bb3 Nxd4 13. Nxd4 Qxd4 14.
Qc2 c6 15. Nf3 Qf6 16. Rfe1 Bxh3 17. Nd2 Bf5 18. Ne4 Qg6 19. f3 Bxe4 20. fxe4
Rfe8 21. Re2 Re5 22. Qd3 Rae8 23. Rf1 Rf8 24. Qd4 Re7 25. a4 Nd5 26. Rff2 Qg4
27. Re1 Rfe8 28. Rfe2 f5 29. Bxd5+ cxd5 30. Qxd5+ Kh8 31. e5 Qxa4 32. Rf2 Qc6
33. Qd4 Qd7 34. Qf4 Kg8 35. Rd2 Qb5 36. Qxf5 Rxe5 37. Rxe5 Qxe5 38. Qc2 Qe1+
39. Kh2 Qh4+ 40. Kg1 Re1# 0-1

[Event "Youth Classic 2018 - Youth Open U14"]
[Site "Bad Soden-Neuenhain, Bürgerhau"]
[Date "2018.10.01"]
[Round "4.1"]
[White "Lorenz, Alexander"]
[Black "Gallasch, Jonas"]
[Result "0-1"]
[WhiteElo "1748"]
[BlackElo "2045"]
[PlyCount "108"]
[EventDate "2018.??.??"]
[WhiteTeam "SV Bergwinkel"]
[BlackTeam "SG Porz"]

1. e4 c6 2. d4 d5 3. Nc3 dxe4 4. Nxe4 Bf5 5. Ng3 Bg6 6. h4 h6 7. Nf3 Nd7 8. h5
Bh7 9. Bd3 Bxd3 10. Qxd3 e6 11. c3 Qc7 12. Be3 Ngf6 13. O-O-O Bd6 14. Ne4 Nxe4
15. Qxe4 Nf6 16. Qd3 O-O-O 17. Kb1 Kb8 18. g3 Qa5 19. Qe2 Ka8 20. Nd2 Qf5+ 21.
Ka1 Ng4 22. Nc4 Nxe3 23. Qxe3 Bc7 24. Qe2 Qb5 25. Rde1 Rhe8 26. f4 f6 27. b3 c5
28. dxc5 Qxc5 29. Qg4 Qc6 30. Qxg7 b5 31. Nb2 Rd2 32. Qg6 Red8 33. Qe4 Rd1+ 34.
Nxd1 Rxd1+ 35. Kb2 Qxe4 36. Rxe4 Rxh1 37. Rxe6 Rxh5 38. Rxf6 Rh3 39. b4 Rxg3
40. Rxh6 Bxf4 41. Rc6 Rg2+ 42. Kb3 Bc1 43. c4 bxc4+ 44. Kxc4 Rc2+ 45. Kb5 Rxc6
46. Kxc6 Bd2 47. b5 Ba5 48. a3 Kb8 49. Kc5 Kb7 50. Kd5 Kb6 51. Kc4 Be1 52. a4
Ka5 53. Kb3 Bb4 54. b6 axb6 0-1

[Event "Youth Classic 2018 - Youth Open U14"]
[Site "Bad Soden-Neuenhain, Bürgerhau"]
[Date "2018.10.01"]
[Round "4.2"]
[White "Haack, Kevin"]
[Black "Markosyan, Aleksandr"]
[Result "1-0"]
[WhiteElo "1870"]
[BlackElo "1559"]
[PlyCount "59"]
[EventDate "2018.??.??"]
[WhiteTeam "SC Bad Soden"]
[BlackTeam "SG Idstein"]

1. c4 e6 2. g3 d5 3. Nf3 Nf6 4. Bg2 c5 5. O-O Nc6 6. b3 Be7 7. Bb2 Qc7 8. e3
O-O 9. d4 b6 10. Nbd2 Ba6 11. Rc1 Nd7 12. Qc2 Nb4 13. Qb1 Bf6 14. a3 Nc6 15.
Rfd1 Rfd8 16. cxd5 exd5 17. dxc5 Nxc5 18. Bxf6 gxf6 19. b4 Bd3 20. Qb2 Na4 21.
Qxf6 Rd6 22. Qg5+ Kf8 23. Nb3 Bc4 24. Nfd2 Nb2 25. Nxc4 dxc4 26. Rxd6 Qxd6 27.
Bxc6 Qxc6 28. Nd4 Qc7 29. Qf6 Kg8 30. Nf5 1-0